Devine le joueur de foot #11 - Statistiques

Statistiques générales
  • Ce quiz a été pris 126 fois
  • Le résultat moyen est 15 sur 20
Statistiques - réponses
Par images Réponse % Correct
Adrien Rabiot
100%
Nico Williams
99%
Fabien Barthez
90%
Federico Valverde
90%
Éric Cantona
89%
Serhou Guirassy
88%
Andrew Robertson
87%
Francesco Totti
87%
Givanildo Vieira de Souza
87%
Steven Gerrard
86%
José Ignacio Fernández Iglesias
83%
Alessandro Del Piero
81%
Federico Dimarco
77%
Takefusa Kubo
73%
Michael Ballack
67%
Anderson Luis de Carvalho
58%
Marius Trésor
55%
Micky van de Ven
55%
William Gallas
54%
René Higuita
37%
Aucun quiz correspondant
Distribution des résultats
% des personnes avec chaque résultat
Percentile par nombre de réponses
Votre historique - résultats
Vous n’avez pas pris ce quiz